मुडती है यूँ जिंदगी / (Record no. 115998)

MARC details
000 -LEADER
fixed length control field 00996nam a22002657a 4500
005 - DATE AND TIME OF LATEST TRANSACTION
control field 20170124103032.0
010 ## - LIBRARY OF CONGRESS CONTROL NUMBER
LC control number B-091750
020 ## - INTERNATIONAL STANDARD BOOK NUMBER
Terms of availability 120.00
International Standard Book Number 8188081191
035 ## - SYSTEM CONTROL NUMBER
System control number B-091750
037 ## - SOURCE OF ACQUISITION
Source of stock number/acquisition Cen Lib/Ret
040 ## - CATALOGING SOURCE
Original cataloging agency DPL
Language of cataloging HN
082 ## - DEWEY DECIMAL CLASSIFICATION NUMBER
Classification number
Item number तिवारी
100 ## - MAIN ENTRY--PERSONAL NAME
Personal name तिवारी, स्वाति
9 (RLIN) 64313
245 ## - TITLE STATEMENT
Title मुडती है यूँ जिंदगी /
Statement of responsibility, etc स्वाति तिवारी
246 ## - VARYING FORM OF TITLE
Title proper/short title Mudti hai yun jindagi
Remainder of title by Swati Tiwari
260 ## - PUBLICATION, DISTRIBUTION, ETC. (IMPRINT)
Place of publication, distribution, etc दिल्ली
Name of publisher, distributor, etc दिशा प्रकाशन
Date of publication, distribution, etc 2003
270 ## - ADDRESS
Address 138/16, त्रिनगर
City दिल्ली
Postal code 110035
300 ## - PHYSICAL DESCRIPTION
Extent 115पृष्ठ.
Dimensions 19सेमी(सजिल्द)
490 ## - SERIES STATEMENT
Series statement
650 ## - SUBJECT ADDED ENTRY--TOPICAL TERM
Topical term or geographic name as entry element हिंदी साहित्य
9 (RLIN) 64314
650 ## - SUBJECT ADDED ENTRY--TOPICAL TERM
Topical term or geographic name as entry element हिंदी कहानी
9 (RLIN) 64315
650 ## - SUBJECT ADDED ENTRY--TOPICAL TERM
Topical term or geographic name as entry element Hindi literature
9 (RLIN) 64316
650 ## - SUBJECT ADDED ENTRY--TOPICAL TERM
Topical term or geographic name as entry element hindi story
9 (RLIN) 43117
942 ## - ADDED ENTRY ELEMENTS (KOHA)
Source of classification or shelving scheme Dewey Decimal Classification
Koha item type Hindi Books
Classification part
Call number suffix तिवारी
Holdings
Withdrawn status Lost status Damaged status Not for loan Home library Current library Date acquired Source of acquisition Cost, normal purchase price Total Checkouts Full call number Barcode Date last seen Date checked out Copy number Cost, replacement price Price effective from Koha item type
        Central Library Central Library 22/08/2015 Cen Lib/Ret 120.00 1 क तिवारी B-091750 11/02/2025 03/02/2025 1 120.00 22/08/2015 Hindi Books

© Delhi Public Library
Hit Counter
free hit counter